|
|
|
|
| LEADER |
01214nam a2200361 a 4500 |
| 001 |
000606083 |
| 003 |
CZ BrMZK |
| 005 |
20040311071036.0 |
| 007 |
ta |
| 008 |
020613s1999 xr e cze d |
| 015 |
|
|
|a cnb000786328
|
| 020 |
|
|
|a 80-7229-032-0
|q (váz.)
|
| 035 |
|
|
|a (OCoLC)44147857
|
| 040 |
|
|
|a BOA001
|b cze
|c BOA001
|
| 080 |
|
|
|a 821.162.3-051
|2 MRF
|
| 080 |
|
|
|a 316.64
|2 MRF
|
| 080 |
|
|
|a 17.02
|2 MRF
|
| 080 |
|
|
|a (0:82-84)
|2 MRF
|
| 080 |
|
|
|a 929
|2 MRF
|
| 100 |
1 |
|
|a Ortová, Zdeňka,
|d 1961-
|7 mzk2002145213
|4 aut
|
| 245 |
1 |
0 |
|a Dámská volenka, aneb, Sólo pro aforismy /
|c Zdeňka Ortová ; [ilustrace Kateřina Matanelli]
|
| 246 |
3 |
3 |
|a Sólo pro aforismy
|
| 260 |
|
|
|a Praha :
|b Petrklíč,
|c 1999
|
| 300 |
|
|
|a 79 s. :
|b il. ;
|c 17 cm
|
| 600 |
1 |
7 |
|a Ortová, Zdeňka,
|d 1961-
|7 mzk2002145213
|2 czenas
|
| 650 |
0 |
7 |
|a životní moudrost
|7 ph128026
|2 czenas
|
| 650 |
0 |
7 |
|a české spisovatelky
|7 ph128153
|2 czenas
|
| 650 |
0 |
7 |
|a názory a postoje
|7 ph137634
|2 czenas
|
| 655 |
|
7 |
|a aforismy
|7 fd131784
|2 czenas
|
| 700 |
1 |
|
|a Matanelli, Kateřina
|4 ill
|
| 910 |
|
|
|a BOA001
|b 1-1104.178
|
| 990 |
|
|
|a BK
|
| 996 |
6 |
|
|b 2610162727
|c 1-1104.178
|l MZK
|r Sklad / do 1 hodiny
|n 2
|p p.v.
|w 000606083
|u 000010
|a 1
|e BOA001
|j MZK50
|s P
|